• 首页
  • 本馆介绍
  • 公告通知
  • 最新文献
  • 馆藏检索
  • 电子资源
  • 读者导购
  • 参考咨询
  • 我的图书馆
  • 登录
  • 详细信息显示
  • 放入我的书架
  • 预约/预借图书
  • 作者相关作品
  • 分类相关作品
  • 丛书相关作品
  • 出版社相关作品

书目信息

  • 表格格式
  • 工作单格式
  • 卡片格式
题名:
那不勒斯的萤火
    
 
作者: 维尔吉利奥 著 ;武苏 译
分册:  
出版信息: 南昌   百花洲文艺出版社  2018
页数: 281页
开本: 21cm
丛书名:
单 册:
中图分类: I546.45
科图分类:
主题词: 长篇小说--chang pian xiao shuo--意大利--现代
电子资源:
ISBN: 978-7-5500-2751-0
000 01389nam0 2200301 450
001 438746
005 20140102094112.0
010    @a978-7-5500-2751-0@dCNY42.00
099    @aCAL 012018076330
100    @a20180528d2018 em y0chiy50 ea
101 1  @achi@cita
102    @aCN@b360000
105    @ay z 000ay
106    @ar
200 1  @a那不勒斯的萤火@Ana bu le si de ying huo@d= L'americano@f(意) 马西米利亚诺·威尔吉利奥著@g武苏译@zita
210    @a南昌@c百花洲文艺出版社@d2018
215    @a281页@d21cm
314    @a马西米利亚诺·威尔吉利奥 (1979-),出生于那不勒斯,是意大利知名的作家和编剧,已出版过多部作品。
314    @a责任者规范汉译姓: 维尔吉利奥
330    @a本书讲述马尔切罗是银行职员的儿子,一次偶然,使他的人生与帮派头目的儿子李奥纳多纠缠在了一起,两个来自完全不同世界的孩子成了朋友。两个不同的孩子彼此吸引,相互陪伴,在必要的时候警醒对方,在年少的岁月里摸爬滚打,最终找到属于自己的道路,成为自己想要成为的人。以两个完全不同世界的男人之间横跨30年的友谊为主线,主要表达的还是迷失与找回自我,成长与救赎的故事。
333    @a青年读者、文学爱好者及相关读者。
500 10 @aL'americano@mChinese
606 0  @a长篇小说@Achang pian xiao shuo@y意大利@z现代
690    @aI546.45@v5
701  1 @a维尔吉利奥@Awei er ji li ao@g(Virgilio, Massimiliano),@f1979-@4著
702  0 @a武苏@Awu su@4译
801  2 @aCN@b上海新华@c20191020
905    @b1186270-3@dI546.45@e100@f4
    
    那不勒斯的萤火= L'americano/(意) 马西米利亚诺·威尔吉利奥著/武苏译.-南昌:百花洲文艺出版社,2018
    281页;21cm
    使用对象:青年读者、文学爱好者及相关读者。
    
    ISBN 978-7-5500-2751-0:CNY42.00
    本书讲述马尔切罗是银行职员的儿子,一次偶然,使他的人生与帮派头目的儿子李奥纳多纠缠在了一起,两个来自完全不同世界的孩子成了朋友。两个不同的孩子彼此吸引,相互陪伴,在必要的时候警醒对方,在年少的岁月里摸爬滚打,最终找到属于自己的道路,成为自己想要成为的人。以两个完全不同世界的男人之间横跨30年的友谊为主线,主要表达的还是迷失与找回自我,成长与救赎的故事。
●
相关链接 在E读中查询图书 在五车中查询图书 在当当中查询图书 在豆瓣中查询图书


正题名:那不勒斯的萤火     索取号:I546.45/100         预约/预借

序号 登录号 条形码 馆藏地/架位号 状态 备注
1 1186270   211862705   第一样本阅览室/ [索取号:I546.45/100] 在馆    
2 1186271   211862714   第二借阅区/ [索取号:I546.45/100] 在馆    
3 1186272   211862723   第二借阅区/ [索取号:I546.45/100] 在馆    
4 1186273   211862732   第二借阅区/ [索取号:I546.45/100] 在馆    
唐山师范学院图书馆 欢迎您!
大连网信软件有限公司© 版权所有